| 000 | 00993nam a22003257a 4500 | ||
|---|---|---|---|
| 003 | CHAP | ||
| 005 | 20220329133318.0 | ||
| 008 | 971013s r 00010 d | ||
| 010 | _a4751 | ||
| 011 | _a5723 | ||
| 035 | _a4938 | ||
| 040 | _cCHAP | ||
| 090 | _aFolleto 12859 | ||
| 110 |
_aMéxico. Consejo Nacional de Población _976888 |
||
| 245 | _aDiagnóstico sociodemográfico del sureste | ||
| 260 |
_aMéxico : _bEl Consejo, _c[199?] |
||
| 300 |
_a40 p. _b: ilus |
||
| 500 | _aD54-131 | ||
| 590 |
_aBATCH-UPD _b10 _c20130110 _lUCH01 _h1638 |
||
| 590 |
_aBATCH-UPD _b10 _c20130410 _lUCH01 _h1029 |
||
| 590 |
_aBATCH-UPD _b10 _c20130914 _lUCH01 _h1140 |
||
| 590 |
_aCONVERSION _b10 _c20130109 _lUCH01 _h1304 |
||
| 650 | 1 | 4 |
_aDemografía. _931742 |
| 650 | 1 | 4 |
_aFamilia _xPlaneación. _939409 |
| 650 | 1 | 4 |
_aPoblación rural. _989447 |
| 901 | _aBK | ||
| 942 | _cFOLL | ||
| 949 |
_aFolleto 12859 _bBC _cFOLL _d-14502 _eTS1 _i4938 _si |
||
| 949 |
_aFolleto 12859 _bBC _cFOLL _d-75271 _eTS2 _fc.2 _i4938 _si |
||
| 999 |
_c4751 _d4751 |
||